Statistics for Countries that Beat Liechtenstein

Click here to take the quiz!

General Stats

  • This quiz has been taken 409 times
    (383 since last reset)
  • The average score is 13 of 20

Answer Stats

RankCategoryCountries% Correct
6Least populatedVatican City | Nauru | Tuvalu | Palau | San Marino
97%
3Richest per capitaMonaco | Qatar
93%
6SmallestVatican City | Monaco | Nauru | Tuvalu | San Marino
91%
3Highest percentage of german speakersGermany | Austria
88%
5Closest to metropolitan France no in E.U.Monaco | Andorra | Switzerland | United Kingdom
82%
2Biggest using franc in EuropeSwitzerland
82%
3Most billionaires per capitaMonaco | Saint Kitts and Nevis
78%
4Most vehicles per capitaSan Marino | Monaco | United States
73%
6Least populated capitalPalau | Vatican City | Nauru | Tuvalu | San Marino
70%
3Longest name in EuropeBosnia and Herzegovina | Czech Republic
69%
3German speaking closest to the end of the alphabetLuxembourg | Switzerland
68%
3Starting with "L" closest to the end of the alphabetLithuania | Luxembourg
66%
3Worst football team in Europe (UEFA)San Marino | Malta
65%
2Least guessed at COTW in EuropeSan Marino
64%
2Biggest doubly landlockedUzbekistan
55%
5Most immigrants per capitaVatican City | United Arab Emirates | Kuwait | Qatar
51%
2Least guessed at COTW starting with "L"Lesotho
47%
3Most imports per capitaSan Marino | Singapore
37%
5European capital with the most precipitationsMontenegro | Slovenia | Albania | Switzerland
32%
2Highest electricty consumption per capitaIceland
21%

Score Distribution

Percentile by Number Answered

Percent of People with Each Score

Your Score History

You have not taken this quiz since the last reset